Media, Democracy and Devolution in Kenya : (Record no. 31731)
[ view plain ]
| 000 -LEADER | |
|---|---|
| fixed length control field | 00530nam a22001697a 4500 |
| 008 - FIXED-LENGTH DATA ELEMENTS--GENERAL INFORMATION | |
| fixed length control field | 230725b |||||||| |||| 00| 0 eng d |
| 020 ## - INTERNATIONAL STANDARD BOOK NUMBER | |
| International Standard Book Number | 9783330076136 |
| 050 ## - LIBRARY OF CONGRESS CALL NUMBER | |
| Classification number | P 90 .A59 2018 |
| 100 ## - MAIN ENTRY--PERSONAL NAME | |
| Personal name | Anyuor, Nicholas |
| 245 ## - TITLE STATEMENT | |
| Title | Media, Democracy and Devolution in Kenya : |
| Statement of responsibility, etc. | Nicholas, Anyuor |
| 250 ## - EDITION STATEMENT | |
| Edition statement | 1st ed. |
| 260 ## - PUBLICATION, DISTRIBUTION, ETC. (IMPRINT) | |
| Place of publication, distribution, etc. | Mauritius: |
| Name of publisher, distributor, etc. | Lap Lambert, |
| Date of publication, distribution, etc. | 2018. |
| 300 ## - PHYSICAL DESCRIPTION | |
| Extent | 125p. ; |
| Other physical details | ill. ; |
| Dimensions | 18 cm |
| 500 ## - GENERAL NOTE | |
| General note | includes bibliogrsphical references. |
| 650 ## - SUBJECT ADDED ENTRY--TOPICAL TERM | |
| Source of heading or term | Democracy |
| 942 ## - ADDED ENTRY ELEMENTS (KOHA) | |
| Source of classification or shelving scheme | |
| Koha item type | Hard Covered Materials |
| Classification part | P 90 .A59 2018 |
| Withdrawn status | Lost status | Source of classification or shelving scheme | Damaged status | Not for loan | Home library | Current library | Shelving location | Date acquired | Source of acquisition | Total Checkouts | Full call number | Barcode | Date last seen | Price effective from | Koha item type |
|---|---|---|---|---|---|---|---|---|---|---|---|---|---|---|---|
| MACHAKOS UNIVERSITY LIBRARY | MACHAKOS UNIVERSITY LIBRARY | Open shelf | 25/07/2023 | Donation (Unes) | P 90 .A59 2018 | 39531 | 06/09/2023 | 25/07/2023 | Hard Covered Materials |